Statistics for Jesse Plemons Filmography

Click here to take the quiz!

General Stats

  • This quiz has been taken 27 times
    (2 since last reset)
  • The average score is 9 of 65

Answer Stats

TypeYearName% Correct
Web Series2017Black Mirror
100%
Film2023Killers of the Flower Moon
100%
Film2019The Irishman
100%
Film2021The Power of the Dog
100%
TV Show2012-2013Breaking Bad
50%
Film2019El Camino: A Breaking Bad Movie
50%
Film2018Game Night
50%
TV Show2006Grey's Anatomy
50%
Film2020I'm Thinking of Ending Things
50%
Film2021Judas and the Black Messiah
50%
Web Mini-Series2023Love & Death
50%
TV Show2001Sabrina, the Teenage Witch
50%
Short Film2020Snow Globe: A Breaking Bad Short
50%
Film2017The Post
50%
Film2000All the Pretty Horses
0%
Film2017American Made
0%
Film2024AND
0%
Film2021Antlers
0%
Film2012Battleship
0%
TV Mini-Series2012Bent
0%
Film2015Black Mass
0%
Film2015Bridge of Spies
0%
Film2002Children on Their Birthdays
0%
TV Show2011Childrens Hospital
0%
TV Show2009Cold Case
0%
TV Show2004CSI: Crime Scene Investigation
0%
Short Film2013Dalai Lama
0%
TV Show2014, 2016, 2018Drunk History
0%
TV Film2003Expert Witness
0%
TV Show2015Fargo
0%
TV Show2008Fear Itself
0%
Film1998Finding North
0%
Film2014Flutter
0%
TV Show2006-2011Friday Night Lights
0%
Podcast2020Hank the Cowdog
0%
Film2010Happiness Runs
0%
Film2017Hostiles
0%
TV Show2004Huff
0%
TV Show2003Judging Amy
0%
Film2021Jungle Cruise
0%
Film2002Like Mike
0%
Film2011Meeting Spencer
0%
TV Show2006NCIS
0%
Web Series2017No Activity
0%
Film2009Observe and Report
0%
TV Mini-Series2014Olive Kitteridge
0%
Film2016Other People
0%
TV Mini-Series2014Parenthood: Friday Night at the Luncheonette
0%
Film2011Paul
0%
TV Show2009Reel Comedy
0%
Film2009Shrink
0%
Film2017The Discovery
0%
Film2003The Failures
0%
Film2008The Flyboys
0%
TV Show2001The Guardian
0%
Film2014The Homesman
0%
TV Show2003The Lyon's Den
0%
Film2012The Master
0%
TV Film2013The Missionary
0%
Film2015The Program
0%
Film1999Varsity Blues
0%
Film2018Vice
0%
TV Show2000Walker, Texas Ranger
0%
Film2003When Zachary Beaver Came to Town
0%
Web Mini-SeriesTBAZero Day
0%

Score Distribution

Percentile by Number Answered

Percent of People with Each Score

Your Score History

You have not taken this quiz since the last reset